Music Quiz

Random Music or Famous Quiz

Composers First Names Quiz Stats

 Plays Quiz Updated Dec 23, 2018

Support Sporcle.
Go Orange.
Score 0/20 Timer 04:00
1 Play Today
Last Name First Name % Correct
BachJohann Sebastian
89.1%
MozartWolfgang Amadeus
83%
BeethovenLudwig van
81.6%
StravinskyIgor
70.6%
DebussyClaude
66.1%
TchaikovskyPiotr Ilyitch
60.7%
SchubertFranz Peter
59.1%
ChopinFrederic
57.1%
WagnerRichard
52.9%
VivaldiAntonio Lucio
51.2%
Last Name First Name % Correct
BrahmsJohannes
48.4%
HandelGeorge Frederic
47.9%
MahlerGustav
44.3%
RavelJoseph Maurice
40.9%
SchumannRobert
40.1%
VerdiGiuseppe Fortunino Francesco
39.4%
DvořákAntonín Leopold
35.2%
ProkofievSergei Sergeyevich
29.1%
PucciniGiacomo
21.8%
RossiniGioachino Antonio
9.1%

You're not logged in!

Compare scores with friends on all Sporcle quizzes.
OR
Log In

From the Vault

Celebrities Who Refuse to Change

by metashades

Some people are born with a name so amazing they have to become celebrities.
Remove Ads.
Support Sporcle.
Get the best of Sporcle when you Go Orange. This ad-free experience offers more features, more stats, and more fun while also helping to support Sporcle. Thank you for becoming a member.

Show Comments

Extras

Top Quizzes Today


Score Distribution

Your Account Isn't Verified!

In order to create a playlist on Sporcle, you need to verify the email address you used during registration. Go to your Sporcle Settings to finish the process.

Report this User

Report this user for behavior that violates our Community Guidelines.

Details: